<?xml version="1.0" encoding="UTF-8"?>
<record
    xmlns:xsi="http://www.w3.org/2001/XMLSchema-instance"
    xsi:schemaLocation="http://www.loc.gov/MARC21/slim http://www.loc.gov/standards/marcxml/schema/MARC21slim.xsd"
    xmlns="http://www.loc.gov/MARC21/slim">

  <leader>03369nam0a2200505   4500</leader>
  <controlfield tag="001">RU\NLR\bibl\1469196</controlfield>
  <controlfield tag="005">20260407214607.0</controlfield>
  <datafield tag="010" ind1=" " ind2=" ">
    <subfield code="a">5-93064-137-4</subfield>
    <subfield code="9">200</subfield>
  </datafield>
  <datafield tag="021" ind1=" " ind2=" ">
    <subfield code="a">RU</subfield>
    <subfield code="b">2009-100030</subfield>
    <subfield code="9">6357</subfield>
  </datafield>
  <datafield tag="035" ind1=" " ind2=" ">
    <subfield code="a">(NLR Aleph) 001460907</subfield>
  </datafield>
  <datafield tag="090" ind1=" " ind2=" ">
    <subfield code="a">1582717</subfield>
    <subfield code="c">1582717</subfield>
  </datafield>
  <datafield tag="100" ind1=" " ind2=" ">
    <subfield code="a">20100112d2009    |||y0rusy50      ca</subfield>
  </datafield>
  <datafield tag="101" ind1="0" ind2=" ">
    <subfield code="a">rus</subfield>
  </datafield>
  <datafield tag="102" ind1=" " ind2=" ">
    <subfield code="a">RU</subfield>
  </datafield>
  <datafield tag="105" ind1=" " ind2=" ">
    <subfield code="a">y   dm  |||||</subfield>
  </datafield>
  <datafield tag="200" ind1="1" ind2=" ">
    <subfield code="a">&#x41E;&#x43A;&#x430;&#x437;&#x430;&#x43D;&#x438;&#x435; &#x43C;&#x435;&#x434;&#x438;&#x446;&#x438;&#x43D;&#x441;&#x43A;&#x43E;&#x439; &#x43F;&#x43E;&#x43C;&#x43E;&#x449;&#x438; &#x43F;&#x43E;&#x441;&#x442;&#x440;&#x430;&#x434;&#x430;&#x432;&#x448;&#x438;&#x43C; &#x432; &#x434;&#x43E;&#x440;&#x43E;&#x436;&#x43D;&#x43E;-&#x442;&#x440;&#x430;&#x43D;&#x441;&#x43F;&#x43E;&#x440;&#x442;&#x43D;&#x44B;&#x445; &#x43F;&#x440;&#x43E;&#x438;&#x441;&#x448;&#x435;&#x441;&#x442;&#x432;&#x438;&#x44F;&#x445; &#x441; &#x43F;&#x440;&#x438;&#x43C;&#x435;&#x43D;&#x435;&#x43D;&#x438;&#x435;&#x43C; &#x432;&#x435;&#x440;&#x442;&#x43E;&#x43B;&#x435;&#x442;&#x43D;&#x43E;&#x439; &#x430;&#x432;&#x438;&#x430;&#x446;&#x438;&#x438; [&#x422;&#x435;&#x43A;&#x441;&#x442;]</subfield>
    <subfield code="e">&#x441;&#x431;&#x43E;&#x440;&#x43D;&#x438;&#x43A; &#x43C;&#x430;&#x442;&#x435;&#x440;&#x438;&#x430;&#x43B;&#x43E;&#x432; &#x43E;&#x434;&#x43D;&#x43E;&#x434;&#x43D;&#x435;&#x432;&#x43D;&#x43E;&#x433;&#x43E; &#x43C;&#x435;&#x442;&#x43E;&#x434;&#x438;&#x447;&#x435;&#x441;&#x43A;&#x43E;&#x433;&#x43E; &#x441;&#x435;&#x43C;&#x438;&#x43D;&#x430;&#x440;&#x430; &#x41C;&#x43E;&#x441;&#x43A;&#x432;&#x430;, 22 &#x43E;&#x43A;&#x442;&#x44F;&#x431;&#x440;&#x44F; 2009 &#x433;.</subfield>
  </datafield>
  <datafield tag="210" ind1=" " ind2=" ">
    <subfield code="a">&#x41C;&#x43E;&#x441;&#x43A;&#x432;&#x430;</subfield>
    <subfield code="c">&#x412;&#x441;&#x435;&#x440;&#x43E;&#x441;&#x441;&#x438;&#x439;&#x441;&#x43A;&#x438;&#x439; &#x446;&#x435;&#x43D;&#x442;&#x440; &#x43C;&#x435;&#x434;&#x438;&#x446;&#x438;&#x43D;&#x44B; &#x43A;&#x430;&#x442;&#x430;&#x441;&#x442;&#x440;&#x43E;&#x444; "&#x417;&#x430;&#x449;&#x438;&#x442;&#x430;"</subfield>
    <subfield code="d">2009</subfield>
  </datafield>
  <datafield tag="215" ind1=" " ind2=" ">
    <subfield code="a">159 &#x441;.</subfield>
    <subfield code="d">20</subfield>
  </datafield>
  <datafield tag="300" ind1=" " ind2=" ">
    <subfield code="a">&#x412; &#x43D;&#x430;&#x434;&#x437;&#x430;&#x433;.: &#x41C;-&#x432;&#x43E; &#x437;&#x434;&#x440;&#x430;&#x432;&#x43E;&#x43E;&#x445;&#x440;&#x430;&#x43D;&#x435;&#x43D;&#x438;&#x44F; &#x438; &#x441;&#x43E;&#x446;. &#x440;&#x430;&#x437;&#x432;&#x438;&#x442;&#x438;&#x44F; &#x420;&#x43E;&#x441;. &#x424;&#x435;&#x434;&#x435;&#x440;&#x430;&#x446;&#x438;&#x438;, &#x424;&#x435;&#x434;&#x435;&#x440;. &#x433;&#x43E;&#x441;. &#x443;&#x447;&#x440;&#x435;&#x436;&#x434;&#x435;&#x43D;&#x438;&#x435; "&#x412;&#x441;&#x435;&#x440;&#x43E;&#x441;. &#x446;&#x435;&#x43D;&#x442;&#x440; &#x43C;&#x435;&#x434;&#x438;&#x446;&#x438;&#x43D;&#x44B; &#x43A;&#x430;&#x442;&#x430;&#x441;&#x442;&#x440;&#x43E;&#x444; "&#x417;&#x430;&#x449;&#x438;&#x442;&#x430;"</subfield>
  </datafield>
  <datafield tag="320" ind1=" " ind2=" ">
    <subfield code="a">&#x411;&#x438;&#x431;&#x43B;&#x438;&#x43E;&#x433;&#x440;.: &#x441;. 147-155</subfield>
  </datafield>
  <datafield tag="606" ind1="1" ind2=" ">
    <subfield code="a">&#x41D;&#x415;&#x421;&#x427;&#x410;&#x421;&#x422;&#x41D;&#x42B;&#x415; &#x421;&#x41B;&#x423;&#x427;&#x410;&#x418; &#x422;&#x420;&#x410;&#x41D;&#x421;&#x41F;&#x41E;&#x420;&#x422;&#x41D;&#x42B;&#x415;</subfield>
    <subfield code="y">&#x41C;&#x43E;&#x441;&#x43A;&#x432;&#x430;</subfield>
    <subfield code="j">&#x43A;&#x43E;&#x43D;&#x433;&#x440;&#x435;&#x441;&#x441;&#x44B;</subfield>
    <subfield code="2">rus_mesh</subfield>
    <subfield code="3">R139</subfield>
  </datafield>
  <datafield tag="606" ind1="1" ind2=" ">
    <subfield code="a">ACCIDENTS, TRAFFIC</subfield>
    <subfield code="2">rus_mesh</subfield>
    <subfield code="3">E139</subfield>
  </datafield>
  <datafield tag="606" ind1="1" ind2=" ">
    <subfield code="a">&#x412;&#x41E;&#x417;&#x414;&#x423;&#x428;&#x41D;&#x41E;-&#x422;&#x420;&#x410;&#x41D;&#x421;&#x41F;&#x41E;&#x420;&#x422;&#x41D;&#x42B;&#x415; &#x421;&#x410;&#x41D;&#x418;&#x422;&#x410;&#x420;&#x41D;&#x42B;&#x415; &#x421;&#x420;&#x415;&#x414;&#x421;&#x422;&#x412;&#x410;</subfield>
    <subfield code="x">&#x43E;&#x440;&#x433;&#x430;&#x43D;&#x438;&#x437;&#x430;&#x446;&#x438;&#x44F; &#x438; &#x443;&#x43F;&#x440;&#x430;&#x432;&#x43B;&#x435;&#x43D;&#x438;&#x435;</subfield>
    <subfield code="y">&#x41C;&#x43E;&#x441;&#x43A;&#x432;&#x430;</subfield>
    <subfield code="j">&#x43A;&#x43E;&#x43D;&#x433;&#x440;&#x435;&#x441;&#x441;&#x44B;</subfield>
    <subfield code="2">rus_mesh</subfield>
    <subfield code="3">R35128-6.1</subfield>
  </datafield>
  <datafield tag="606" ind1="1" ind2=" ">
    <subfield code="a">AIR AMBULANCES</subfield>
    <subfield code="x">organization and administration</subfield>
    <subfield code="2">rus_mesh</subfield>
    <subfield code="3">E35128-6.1</subfield>
  </datafield>
  <datafield tag="606" ind1="1" ind2=" ">
    <subfield code="a">&#x41C;&#x415;&#x414;&#x418;&#x426;&#x418;&#x41D;&#x410; &#x41A;&#x410;&#x422;&#x410;&#x421;&#x422;&#x420;&#x41E;&#x424;</subfield>
    <subfield code="x">&#x43E;&#x440;&#x433;&#x430;&#x43D;&#x438;&#x437;&#x430;&#x446;&#x438;&#x44F; &#x438; &#x443;&#x43F;&#x440;&#x430;&#x432;&#x43B;&#x435;&#x43D;&#x438;&#x435;</subfield>
    <subfield code="y">&#x41C;&#x43E;&#x441;&#x43A;&#x432;&#x430;</subfield>
    <subfield code="j">&#x43A;&#x43E;&#x43D;&#x433;&#x440;&#x435;&#x441;&#x441;&#x44B;</subfield>
    <subfield code="2">rus_mesh</subfield>
    <subfield code="3">R57730-8.1</subfield>
  </datafield>
  <datafield tag="606" ind1="1" ind2=" ">
    <subfield code="a">DISASTER MEDICINE</subfield>
    <subfield code="x">organization and administration</subfield>
    <subfield code="2">rus_mesh</subfield>
    <subfield code="3">E57730-8.1</subfield>
  </datafield>
  <datafield tag="606" ind1="1" ind2=" ">
    <subfield code="a">&#x422;&#x440;&#x430;&#x432;&#x43C;&#x44B; &#x434;&#x43E;&#x440;&#x43E;&#x436;&#x43D;&#x43E;-&#x442;&#x440;&#x430;&#x43D;&#x441;&#x43F;&#x43E;&#x440;&#x442;&#x43D;&#x44B;&#x435;</subfield>
    <subfield code="j">&#x421;&#x431;&#x43E;&#x440;&#x43D;&#x438;&#x43A;&#x438;</subfield>
    <subfield code="x">&#x41C;&#x435;&#x434;&#x438;&#x446;&#x438;&#x43D;&#x441;&#x43A;&#x430;&#x44F; &#x43F;&#x43E;&#x43C;&#x43E;&#x449;&#x44C;</subfield>
    <subfield code="x">&#x418;&#x441;&#x43F;&#x43E;&#x43B;&#x44C;&#x437;&#x43E;&#x432;&#x430;&#x43D;&#x438;&#x435; &#x432;&#x435;&#x440;&#x442;&#x43E;&#x43B;&#x435;&#x442;&#x43E;&#x432;</subfield>
    <subfield code="9">2543765</subfield>
    <subfield code="3">RU\NLR\auth\661505729</subfield>
  </datafield>
  <datafield tag="686" ind1=" " ind2=" ">
    <subfield code="a">81.93.23</subfield>
    <subfield code="2">rugasnti</subfield>
  </datafield>
  <datafield tag="686" ind1=" " ind2=" ">
    <subfield code="a">76.01.13</subfield>
    <subfield code="2">rugasnti</subfield>
  </datafield>
  <datafield tag="686" ind1=" " ind2=" ">
    <subfield code="a">N06.850.135.392</subfield>
    <subfield code="v">2009</subfield>
    <subfield code="2">MESH</subfield>
  </datafield>
  <datafield tag="686" ind1=" " ind2=" ">
    <subfield code="a">J01.937.285.100.100 - &#x43E;&#x440;&#x433;&#x430;&#x43D;&#x438;&#x437;&#x430;&#x446;&#x438;&#x44F; &#x438; &#x443;&#x43F;&#x440;&#x430;&#x432;&#x43B;&#x435;&#x43D;&#x438;&#x435;</subfield>
    <subfield code="v">2009</subfield>
    <subfield code="2">MESH</subfield>
  </datafield>
  <datafield tag="686" ind1=" " ind2=" ">
    <subfield code="a">N02.421.297.879.100.100 - &#x43E;&#x440;&#x433;&#x430;&#x43D;&#x438;&#x437;&#x430;&#x446;&#x438;&#x44F; &#x438; &#x443;&#x43F;&#x440;&#x430;&#x432;&#x43B;&#x435;&#x43D;&#x438;&#x435;</subfield>
    <subfield code="v">2009</subfield>
    <subfield code="2">MESH</subfield>
  </datafield>
  <datafield tag="686" ind1=" " ind2=" ">
    <subfield code="a">J01.937.285.100.100 - organization and administration</subfield>
    <subfield code="v">2009</subfield>
    <subfield code="2">MESH</subfield>
  </datafield>
  <datafield tag="686" ind1=" " ind2=" ">
    <subfield code="a">N02.421.297.879.100.100 - organization and administration</subfield>
    <subfield code="v">2009</subfield>
    <subfield code="2">MESH</subfield>
  </datafield>
  <datafield tag="686" ind1=" " ind2=" ">
    <subfield code="a">H02.403.230 - &#x43E;&#x440;&#x433;&#x430;&#x43D;&#x438;&#x437;&#x430;&#x446;&#x438;&#x44F; &#x438; &#x443;&#x43F;&#x440;&#x430;&#x432;&#x43B;&#x435;&#x43D;&#x438;&#x435;</subfield>
    <subfield code="v">2009</subfield>
    <subfield code="2">MESH</subfield>
  </datafield>
  <datafield tag="686" ind1=" " ind2=" ">
    <subfield code="a">H02.403.230 - organization and administration</subfield>
    <subfield code="v">2009</subfield>
    <subfield code="2">MESH</subfield>
  </datafield>
  <datafield tag="686" ind1=" " ind2=" ">
    <subfield code="a">&#x420;11(2)23&#x44F;43</subfield>
  </datafield>
  <datafield tag="711" ind1="1" ind2="2">
    <subfield code="a">"&#x41E;&#x43A;&#x430;&#x437;&#x430;&#x43D;&#x438;&#x435; &#x43C;&#x435;&#x434;&#x438;&#x446;&#x438;&#x43D;&#x441;&#x43A;&#x43E;&#x439; &#x43F;&#x43E;&#x43C;&#x43E;&#x449;&#x438; &#x43F;&#x43E;&#x441;&#x442;&#x440;&#x430;&#x434;&#x430;&#x432;&#x448;&#x438;&#x43C; &#x432; &#x434;&#x43E;&#x440;&#x43E;&#x436;&#x43D;&#x43E;-&#x442;&#x440;&#x430;&#x43D;&#x441;&#x43F;&#x43E;&#x440;&#x442;&#x43D;&#x44B;&#x445; &#x43F;&#x440;&#x43E;&#x438;&#x441;&#x448;&#x435;&#x441;&#x442;&#x432;&#x438;&#x44F;&#x445; &#x441; &#x43F;&#x440;&#x438;&#x43C;&#x435;&#x43D;&#x435;&#x43D;&#x438;&#x435;&#x43C; &#x432;&#x435;&#x440;&#x442;&#x43E;&#x43B;&#x435;&#x442;&#x43D;&#x43E;&#x439; &#x430;&#x432;&#x438;&#x430;&#x446;&#x438;&#x438;", &#x43C;&#x435;&#x442;&#x43E;&#x434;&#x438;&#x447;&#x435;&#x441;&#x43A;&#x438;&#x439; &#x441;&#x435;&#x43C;&#x438;&#x43D;&#x430;&#x440;</subfield>
    <subfield code="f">2009</subfield>
    <subfield code="e">&#x41C;&#x43E;&#x441;&#x43A;&#x432;&#x430;</subfield>
    <subfield code="3">RU\NLR\AUTH\8810144335</subfield>
    <subfield code="9">783136</subfield>
  </datafield>
  <datafield tag="801" ind1=" " ind2="0">
    <subfield code="a">RU</subfield>
    <subfield code="b">&#x426;&#x41D;&#x41C;&#x411;</subfield>
    <subfield code="c">20100112</subfield>
    <subfield code="g">PSBO</subfield>
  </datafield>
  <datafield tag="801" ind1=" " ind2="1">
    <subfield code="a">RU</subfield>
    <subfield code="b">&#x426;&#x41D;&#x41C;&#x411;</subfield>
    <subfield code="c">20100112</subfield>
  </datafield>
  <datafield tag="801" ind1=" " ind2="2">
    <subfield code="a">RU</subfield>
    <subfield code="b">&#x426;&#x41D;&#x41C;&#x411;</subfield>
    <subfield code="c">20100128</subfield>
  </datafield>
  <datafield tag="801" ind1=" " ind2="2">
    <subfield code="a">RU</subfield>
    <subfield code="b">NLR</subfield>
    <subfield code="c">20100204</subfield>
    <subfield code="g">rcr</subfield>
  </datafield>
  <datafield tag="942" ind1=" " ind2=" ">
    <subfield code="c">BOOK</subfield>
  </datafield>
  <datafield tag="980" ind1=" " ind2=" ">
    <subfield code="a">NB</subfield>
  </datafield>
  <datafield tag="995" ind1=" " ind2=" ">
    <subfield code="5">2010-02-04</subfield>
    <subfield code="a">ad</subfield>
    <subfield code="b">NLR01</subfield>
    <subfield code="c">NLR01</subfield>
    <subfield code="e">RF8</subfield>
    <subfield code="f">1-3059426</subfield>
    <subfield code="k">2010-3/3025</subfield>
    <subfield code="o">0</subfield>
    <subfield code="r">BOOK</subfield>
    <subfield code="s">201033025_</subfield>
  </datafield>
  <datafield tag="995" ind1=" " ind2=" ">
    <subfield code="5">2010-02-04</subfield>
    <subfield code="a">ad</subfield>
    <subfield code="b">NLR01</subfield>
    <subfield code="c">NLR01</subfield>
    <subfield code="e">RF8</subfield>
    <subfield code="f">3095455</subfield>
    <subfield code="k">2010-3/3025</subfield>
    <subfield code="o">0</subfield>
    <subfield code="r">BOOK</subfield>
    <subfield code="s">201033025_</subfield>
  </datafield>
</record>
